Elementos de aritmética universal / (Record no. 110244)

MARC details
000 -LEADER
campo de control de longitud fija 00644nam a2200193 4500
001 - NÚMERO DE CONTROL
campo de control 110244
003 - IDENTIFICADOR DE NÚMERO DE CONTROL
campo de control ES-MaACL
005 - FECHA Y HORA DE LA ÚLTIMA TRANSACCIÓN
campo de control 20230906185017.0
007 - CAMPO FIJO DE DESCRIPCIÓN FÍSICA--INFORMACIÓN GENERAL
campo de control de longitud fija t|
008 - DATOS DE LONGITUD FIJA--INFORMACIÓN GENERAL
campo de control de longitud fija 061121s1925 sp r ||||1| spa d
100 1# - ENTRADA PRINCIPAL--NOMBRE DE PERSONA
Nombre de persona Octavio de Toledo y Zulueta, Luis,
Fechas asociadas al nombre 1857-1934
9 (RLIN) 86510
245 10 - MENCIÓN DEL TÍTULO
Título Elementos de aritmética universal /
Mención de responsabilidad, etc. Luis Octavio de Toledo.
250 ## - MENCION DE EDICION
Mención de edición 4ª. ed.
260 ## - PUBLICACIÓN, DISTRIBUCIÓN, ETC.
Lugar de publicación, distribución, etc. Madrid :
Nombre del editor, distribuidor, etc. [s.n.],
Fecha de publicación, distribución, etc. 1925 (
Fabricante Imp. Clásica Española)
300 ## - DESCRIPCIÓN FÍSICA
Extensión 2v. ;
Dimensiones 25 cm.
505 8# - NOTA DE CONTENIDO CON FORMATO
Nota de contenido con formato Contiene: Vol. I Calculatoria. Vol II Coordinatoria. Determinantes. Algoritmos ilimitados
852 ## - LOCALIZACIÓN
Ubicación ES-MaACL
Número de control de estantería A-12-13
Holdings
Estatus retirado Estado de pérdida Estado de daño No para préstamo Biblioteca de origen Biblioteca actual Ubicación en estantería Fecha de adquisición Fuente de adquisición Total de préstamos Signatura topográfica completa Código de barras Visto por última vez Precio de reemplazo Tipo de ítem Koha
        Biblioteca del Ateneo de Madrid Biblioteca del Ateneo de Madrid Sala Pecera Planta 1 17/01/2008     A-12-13 1115016 23/02/2023 23/02/2023 Libro impreso